00500nam a22001457a 4500003000500000038001800005082000800023100001700031245011900048264003300167300002400200650003600224700003700260856005700297NUST aNusrat Nadeem a200 aJaved, Haiqa aTHE IMPACT OF FRONT OF PACKAGE (FOP) FOOD NUTRITIONAL LABELLING STANDARDS ON CONSUMER SATISFACTION/cHaiqa Javed,  aIslamabad,bNBS NUST,c2023. aill:b90,p:c30,cm. aMS-Operations and Supply Chain  aSupervisor: Dr. Muhammad Moazzam uhttp://10.250.8.41:8080/xmlui/handle/123456789/42096